00925 a2200193 45000010006000000050017000060080041000230030015000640400040000790800066001192450078001850200018002632640034002813000023003155050343003380410008006811000020006897000022007091601220260407155453.0260407a1997 arg spa dAR-UNSa-BCEJYS aAR-UNSa-BCEJYSbspacAR-UNSa-BCEJYS a336.226xTipos de impuestos. Impuestos directos e indirectos 10aEl impuesto sobre los bienes personalespimposición sobre el patrimonio a950-739-509-1 1aBuenos Aires :bErreparc1997 axx, 282 p.c21 cm. a1. Conceptos generales - 2. La imposición sobre el patrimonio de las empresas - 3. La imposición sobre el patrimonio de las personas físicas - 4. Características del impuesto - 5. Objeto del impuesto - 6. Sujetos - 7. Exenciones - 8. Base imponible - 9. Normas de declaración e ingreso del gravámen - 10. Responsable sustituto aspa1 aGebhardt, Jorge1 aLitvak, José D.